Diana Bracho /

Na minha lista:
Detalhes bibliográficos
Autor principal: Bracho, Diana (autor)
Autor Corporativo: Festival Internacional de Cine en Guadalajara
Outros Autores: García Tsao, Leonardo (entrevista) (entrevista), Cazals, Felipe (presentación) (presentación)
Formato: Procedimiento de la conferencia Livro
Idioma:espanhol
Publicado em: Guadalajara, México : Festival Internacional de Cine en Guadalajara : Universidad de Guadalajara, 2011, c2011
Assuntos:
Tags: Adicionar Tag
Sem tags, seja o primeiro a adicionar uma tag!

MARC

LEADER 00000nam^a2200000^a^4500
001 000326710
005 20260226000000.0
009 20260310113814.173
020 |a 978-607-450-443-9 
037 |a Acervo ITESO - Biblioteca 
041 |a ESP 
082 |a 302. 23550972352  |b FICG 2011 HOM 
100 |a Bracho, Diana  |e (autor) 
240 1 1 |a [FICG] 
240 1 1 |a [FICG: publicaciones de homenajes y retrospectivas] 
240 1 1 |a [FICG 26] 
240 1 1 |a [Festival Internacional de Cine en Guadalajara] 
240 1 1 |a [Festival Internacional de Cine en Guadalajara: publicaciones de homenajes y retrospectivas] 
240 1 1 |a [Festival Internacional de Cine en Guadalajara 2011] 
240 1 1 |a [Muestra de Cine Mexicano en Guadalajara: publicaciones de homenajes y retrospectivas] 
245 1 0 |a Diana Bracho /  |c D. Bracho ; entrevistada por L. García Tsao ; presen. de F. Cazals. 
264 4 |a Guadalajara, México :  |b Festival Internacional de Cine en Guadalajara :  |b Universidad de Guadalajara,  |c 2011, c2011 
300 |a 93 p. 
336 |a texto  |b txt  |2 rdacontenido 
337 |a sin mediación  |b n  |2 rdamedio 
338 |a volumen  |b nc  |2 rdasoporte 
586 |a Festival Internacional de Cine en Guadalajara (26°: 2011): Homenaje Cine Mexicano 
649 |a XX 
650 |a Actores Mexicanos -  |x Homenajes 
650 |a Actores Mexicanos -  |x Entrevistas 
650 |a Actores Mexicanos -  |x Memorias 
650 |a Mujeres Mexicanas -  |x Homenajes 
650 |a Mujeres Mexicanas -  |x Entrevistas 
650 |a Mujeres Mexicanas -  |x Memorias 
650 |a Cine Mexicano -  |x Festivales -  |x Homenajes -  |x Tema Principal 
650 |a Cine Mexicano -  |x Historia y Crítica 
650 |a Cine Mexicano -  |y Siglo XX 
650 |a Cine Mexicano -  |y Siglo XXI 
650 |a Cine -  |x Festivales -  |z Guadalajara, Jalisco -  |x Homenajes -  |x Tema Principal 
650 |a Cine -  |x Festivales -  |z México -  |x Homenajes 
650 |a Bracho, Diana -  |x Tema Principal 
711 |a Festival Internacional de Cine en Guadalajara (  |n 26° :  |d 2011 :  |c Guadalajara, México) 
700 |a García Tsao, Leonardo  |e (entrevista) 
700 |a Cazals, Felipe  |e (presentación) 
910 |a Fondo General 
920 |a Impresos - Libros 
930 |a Colección General 
905 |a 101 
901 |a 0500215262  |b IT1  |c ACC  |i C134455  |u 20250521 
902 |a https://opac.biblio.iteso.mx/vufind/Record/000326710